Estudio y Comprensión de la Naturaleza. Segundo ciclo básico-Módulo 2. Naturaleza e importancia del saber que mis alumnos deben construir

Saved in:
Bibliographic Details
Main Author: Ponce Zúñiga, Juana (Author)
Format: Book
Language:Spanish
Published: Santiago Ministerio de Educación 2006
Edition:1a. ed
Series:Talleres Comunales Formación Continua Docente 2006
Subjects:
Tags: Add Tag
No Tags, Be the first to tag this record!

MARC

LEADER 00000nam a2200000 a 4500
001 UCI3639
003 CL-VaPUC
008 071123e20060000CL |||||||||||||||||spa|d
082 0 4 |a 372.357  |b PON  |2 21 
100 0 |a Ponce Zúñiga, Juana  |e author  |9 525070 
245 1 0 |a Estudio y Comprensión de la Naturaleza. Segundo ciclo básico-Módulo 2. Naturaleza e importancia del saber que mis alumnos deben construir 
250 |a 1a. ed 
300 |a 116 p 
942 |c BK 
945 |d 20071123 00:00:00  |a rbrito 
260 |a Santiago  |b Ministerio de Educación  |c 2006 
650 0 |a Educación científica   |9 307484 
650 0 |a Medio ambiente natural  |9 338575 
650 0 |a Protección del medio ambiente  |9 257626 
650 0 |a Medio ambiente  |9 257625 
583 |a last modification  |c 20170824 01:31:47  |k Rodrigo Vera 
490 0 |a Talleres Comunales Formación Continua Docente 2006 
999 |c 327771  |d 327769 
952 |0 0  |1 0  |4 0  |6 372_357000000000000_PON_2006  |7 0  |8 A  |9 411191  |a BIBEDU  |b BIBEDU  |d 2019-11-22  |i 4391713  |o 372.357 PON 2006  |p 4391713  |r 2019-11-22  |w 2019-11-22  |y BK  |k EPE